Responses for Show #8916 - Monday, July 17, 2023

Contestants

[<< previous game]

Leann Craumer, a librarian from Catonsville, Maryland

Jerry Powers, a retired elementary teacher originally from Fanwood, New Jersey

Daniel Moore, a contract compliance analyst from Pittsburgh, Pennsylvania (whose 1-day cash winnings total $25,000)

[next game >>]

Jeopardy! Round responses

TOM SWIFT TALES
(Ken: About the kids' adventure novels of the early 20th century.)
WORLD ROYALTY
6-LETTER WORDS
FISH PEOPLE
STATE FLAGS
WHAT'S THE NAME OF THAT TV SHOW?
    $200 30
(Jerry: What's a camera?)

a (photo tele)phone

DanielJerry
    $200 6
Peter the Great

Leann
    $200 18
the stooge

Daniel
    $200 26
the New York Stock Exchange

Daniel
    $200 27
Oregon

Leann
    $200 16
Frasier

Jerry
    $400 29
pirates

Leann
    $400 5
(Daniel: What are tax returns?)
(Leann: What are tariffs?)

coins

DanielLeann
Triple Stumper
    $400 21
Tinker & Tailor

Daniel
    $400 25
(Mike) Trout

Leann
    $400 23
the American bison (a buffalo)

Jerry
    $400 15
(Jerry: What's The Amazing Mrs. Maisel?)
...
(Ken: [To Jerry] She is amazing too, don't get me wrong.)

The Marvelous Mrs. Maisel

JerryLeann
    $600 28
(Jerry: What is his pig?)

a motorcycle

Jerry
Triple Stumper
    $600 4
legions

Daniel
    $600 20
an ocelot

Jerry
    $600 24
Pike

Daniel
    $600 11
a pelican

Daniel
    $600 8
Beavis & Butt-Head

Daniel
    $800 22
(Leann: What is Mars?)

the Moon

DanielLeann
    $800 2
Bavaria

Jerry
    $800 19
(Leann: What is toilet?)
(Ken: Can you be more specific?)

urinal

Leann
    $800 17
Mayor Karen Bass

Triple Stumper
    $800 10
the Spanish-American

Jerry
    $800 7
House

Leann
    $1000 14
(Ken: It could be a lot of things, I guess. Luckily, it's [*].)

Magnet

Triple Stumper
    $1000 1
Portugal

Daniel
    $1,200 13
(Daniel: What is... what)
...
(Ken: In Nova [*], for Scotland.)

Scotia

Daniel
    $1000 12
(Daniel: Who is Ansel Adams?)

Man Ray

Daniel
Triple Stumper
    $1000 9
(Ken: That's correct, first to ratify the Constitution.)

1787

Daniel
    $1000 3
T.J. Hooker

Daniel

Scores at the first commercial break (after clue 15):

Daniel Jerry Leann
$2,200 $1,200 $1,000

Scores at the end of the Jeopardy! Round:

Daniel Jerry Leann
$4,600 $1,600 $2,000

Double Jeopardy! Round responses

THE NATIONAL RECORDING REGISTRY
(Ken: This is the Library of Congress program; we'll be asking you about new editions to the Registry in 2023.)
DOUBLE TALK
WHO'S THAT POET?
I'LL "B" THERE
WITH BELLS ON
OPPENHEIMER
(Emily: I'm Emily Blunt.) (Matt: I'm Matt Damon.) (Emily: Brilliant physicist of the war effort.) (Matt: Doubted by his own government.) (Emily: Clues about J. Robert Oppenheimer.) (Matt: The subject of our new film Oppenheimer directed by Christopher Nolan.)
    $400 29
"All I Want For Christmas Is You"

Leann
    $400 19
Coco

Jerry
    $400 20
Frost

Jerry
    $400 22
Borneo

Jerry
    $400 2
(Daniel: What is, uh, a count out? Uh, be count out--TKO?)

saved by the bell

DanielJerry
    $400 30
(Ken: We'd like to thank Matt and Emily for helping us out with those clues; you can catch Oppenheimer in theaters later this week.)

communism (Communist Party)

Jerry
    $800 14
Super Mario Bros.

Leann
    $800 18
a nene

Jerry
    $800 21
Poe

Leann
    $800 7
Bolivia

Leann
    $800 3
Lurch

Jerry
    $800 28
Truman

Daniel
    $1200 13
Sagan

Daniel
    $1200 17
wah-wah

Daniel
    $1200 23
Maya Angelou

Daniel
    $1200 10
Blue Ridge

Daniel
    $1200 4
excommunication

Triple Stumper
    $1,000 1
(Jerry: Um... [Sighs] I really don't know.)

the Trinity test site

Jerry
    $1600 12
Daddy Yankee

Daniel
    $1600 16
Baden-Baden

Daniel
    $1600 27
Sandburg

Jerry
    $1600 8
Brisbane

Leann
    $1600 5
(Daniel: What's a peal?)

a clapper

DanielJerry
    $1600 25
(Daniel: What is Area 51?)

Los Alamos

Daniel
Triple Stumper
    $2000 11
Irene Cara

Daniel
    $2000 15
juju (gris-gris)

Daniel
    $2000 26
Shelley

Triple Stumper
    $2,200 9
(Leann: What is...)
(Ken: Quickly!)
(Leann: Botswana?)

Burundi

Leann
    $2000 6
(Daniel: What's a clarion?)

a carillon

Daniel
Triple Stumper
    $2000 24
(Daniel: Who is... Lesley McNair?)

General Leslie Groves

Daniel
Triple Stumper

Scores at the end of the Double Jeopardy! Round:

Daniel Jerry Leann
$9,800 $7,400 $4,200

[wagering suggestions for these scores]

Final Jeopardy! Round responses

GOVERNMENT OFFICIALS
(Ken: [To Jerry] Yes, the Secretary of State who purchased Alaska.)
LeannWho is Napoleon?
$602
JerryWho is Seward?
$2,401
DanielWho is Seward?
$5,000
(William) Seward

Final scores:

Daniel Jerry Leann
$14,800 $9,801 $3,598
2-day champion: $39,800 2nd place: $2,000 3rd place: $1,000

Game dynamics:

Coryat scores:

Daniel Jerry Leann
$11,000 $8,400 $6,400
21 R,
8 W
(including 1 DD)
14 R,
4 W
(including 1 DD)
12 R,
3 W
(including 1 DD)

Combined Coryat: $25,800

[game clues] [game scores] [suggest correction]

Game tape date: 2023-05-18
The J! Archive is created by fans, for fans. Scraping, republication, monetization, and malicious use prohibited; this site may use cookies and collect identifying information. See terms. The Jeopardy! game show and all elements thereof, including but not limited to copyright and trademark thereto, are the property of Jeopardy Productions, Inc. and are protected under law. This website is not affiliated with, sponsored by, or operated by Jeopardy Productions, Inc. Join the discussion at JBoard.tv.